000 00491nam a2200169 a 4500
001 BRCA_4388
005 20190320204643.0
008 300710s1929----mx-#######---#000-0#spa-#
041 _aspa
044 _amx
050 4 _aNA750
_b.N43 1929
245 1 0 _aNecesidad de reglamentar el ejercicio de la profesión de arquitecto.
260 _aMéxico
_bSociedad de Arquitectos Mexicanos
_c1929
300 _a14 p.
_c22 cm.
650 1 4 _aArquitectura
_vReglamentos
_zMéxico
_911160
942 _2lcc
_cB
999 _c4099
_d4099